[Event "UKR-ch Semifinal 2018"]
[Site "Omelnyk"]
[Date "2018.11.03"]
[Round "9"]
[White "Kovchan, Alexander"]
[Black "Molchanov, Oleksii"]
[Result "1/2-1/2"]
[WhiteElo "2579"]
[BlackElo "2369"]
[Annotator "TA"]
[PlyCount "109"]
[EventDate "2018.11.26"]
[EventType "tourn"]
[EventCountry "UKR"]
[SourceTitle "playchess.com"]
[Source "ChessBase"]
[SourceQuality "1"]

{[%evp 18,109,14,9,65,63,61,10,37,0,0,-25,20,29,29,-24,0,0,0,0,0,0,17,22,19,6,6,6,9,6,6,0,0,2,6,0,0,0,11,0,18,19,29,26,26,26,29,24,14,0,25,0,55,47,47,47,56,51,60,15,92,92,92,92,92,92,93,93,93,93,93,93,93,93,93,58,183,176,244,244,244,244,244,244,244,244,244,244,244,244,244,244,244,0]} 1. e4 c6 2. d4 d5 3. Nc3 dxe4 4. Nxe4 Bf5 5. Ng3 Bg6 6. Nf3 e6 7. Bc4 Nd7 8. O-O Ngf6 9. Re1 Bd6 {B18: Classical Caro-Kann: 4...Bf5 sidelines} (9... Qc7 10. Nh4 Be7 11. c3 Nd5 12. Nxg6 hxg6 13. Qf3 Rd8 14. h3 N7f6 15. Bf1 b5 16. a4 a6 17. Bd2 {1-0 (39) Bogner,S (2605)-Pelletier,Y (2551) Lenzerheide 2018}) 10. Ne5 {LiveBook: 4 Games} Bxe5 (10... Qc7 $11) 11. dxe5 $14 Nd5 {White is slightly better.} 12. Qe2 (12. Bd3 $14) 12... O-O 13. a3 Qc7 $146 ({Predecessor:} 13... Qh4 14. Ba2 Rfe8 15. Rd1 Rad8 16. c3 {1-0 (29) Aleksic,N (2378)-Stanicic,J (2130) Vrnjacka Banja 2005}) 14. Ba2 h6 15. c4 Ne7 16. b4 (16. f4 $142) 16... a5 17. Bb2 axb4 18. axb4 c5 19. b5 Nf5 20. Nxf5 Bxf5 21. Bb3 Rxa1 22. Rxa1 Rd8 23. Rd1 Nf8 24. Bc3 Rxd1+ 25. Qxd1 b6 26. Qd2 Qb7 27. f3 Qa8 28. Kf2 Bg6 29. Bd1 Qa3 30. Be2 Bf5 31. Bb2 Qb3 32. Qc3 Qa4 33. g4 Bg6 34. Bc1 Nd7 (34... h5 $11) 35. Bf4 Qa2 36. h4 {[%cal Bh2h4,Bh4h5][%mdl 32]} Bb1 37. h5 Kf8 38. Bg3 (38. Bc1 {seems wilder.} Bh7 39. Qb2 Qa4 40. Qd2 Ke8 41. Bb2) 38... Qc2 (38... Ke7 $11 {remains equal.}) 39. Qxc2 $16 Bxc2 {[%mdl 4096] Endgame KBB-KBN} 40. Ke3 Ke8 41. f4 Nf8 42. Bh4 Nd7 43. Bf3 Nb8 44. Kd2 Bb1 45. Bb7 Bh7 46. g5 hxg5 ({Black should try} 46... Nd7 $14) 47. fxg5 $18 {White is clearly better.} ({Don't do} 47. Bxg5 $6 Nd7 $16) 47... g6 (47... Kf8 $142 48. g6 fxg6) 48. h6 Kd7 49. Be4 Kc7 50. Bg3 Bg8 51. Bf2 Bh7 52. Kc3 Bg8 53. Kb3 Bh7 54. Ka4 Bg8 55. Kb3 $2 {Precision: White = 47%, Black = 53%.} (55. Bg3 $18) 1/2-1/2

[Event "UKR-ch Semifinal 2018"]
[Site "Omelnyk"]
[Date "2018.11.03"]
[Round "9"]
[White "Sivuk, Vitaly"]
[Black "Prydun, Andriy"]
[Result "1-0"]
[WhiteElo "2551"]
[BlackElo "2081"]
[Annotator "TA"]
[PlyCount "77"]
[EventDate "2018.11.26"]
[EventType "tourn"]
[EventCountry "UKR"]
[SourceTitle "playchess.com"]
[Source "ChessBase"]
[SourceQuality "1"]

{[%evp 16,77,35,32,77,86,94,86,84,84,89,93,76,64,58,69,69,68,72,17,36,24,26,19,26,27,31,0,0,0,0,0,0,-59,-13,-32,-11,-16,-14,-50,16,12,98,79,84,73,91,99,161,157,326,335,312,210,212,208,616,647,929,691,1870,1892,2439,2414]} 1. Nf3 Nf6 2. g3 g6 3. b3 Bg7 4. Bb2 d6 5. d4 O-O 6. Bg2 c5 7. c4 Nc6 8. d5 {E60: King's Indian: Unusual lines and Fianchetto Variation without Nc3} Na5 9. O-O {LiveBook: 17 Games} (9. Nfd2 a6 10. a4 e6 11. Na3 exd5 12. cxd5 Bd7 13. Ra2 b5 14. O-O bxa4 15. bxa4 Rb8 {1-0 (52) Jobava,B (2705)-Brunello,S (2555) Heraklio 2017}) 9... b5 10. cxb5 {White is better.} Rb8 $146 ({Predecessor:} 10... a6 11. bxa6 Bxa6 12. Nfd2 Qb6 13. Bc3 Rfb8 14. Na3 Ng4 15. Bxg7 Kxg7 {1-0 (38) Altamirano,B (2225)-Ibanez,F (2225) Buenos Aires 1992}) 11. Bc3 Rxb5 12. Na3 Rb8 13. Qe1 Nb7 14. e4 e6 15. dxe6 Bxe6 16. Ng5 Bd7 17. Qe2 ({White should try} 17. e5 $16 Ng4 18. f4) 17... h6 18. Nh3 Re8 19. Qb2 c4 20. Nxc4 Nc5 $1 21. Qa3 Ncxe4 22. Bd4 d5 23. Ne5 Ng4 24. Nf3 (24. Nxd7 $11 Bxd4 25. Nxb8 Qxb8 26. Rae1) 24... Bb5 25. Rfe1 Bxd4 26. Nxd4 Qf6 27. Qb2 Ne5 (27... g5 $15 28. f4 (28. f3 Ne5 $17) 28... Rbc8) 28. Nf4 $11 Ng5 (28... Nc4 $11 29. bxc4 Bxc4) 29. Qd2 {[#] Black must now prevent h4.} Bc6 (29... Nd3 $2 30. Nxb5 Nxe1 31. Rxe1 $18) 30. Rad1 Ne4 31. Qa5 Rbd8 (31... Bb7 $16) 32. f3 $18 {[%cal Bf2f3,Bf3e4,Be4d5][%mdl 32]} (32. Qxa7 Ra8 $19) 32... g5 $2 (32... Nd6 $16 {was worth a try.} 33. Nxc6 (33. Nxd5 $2 Bxd5 34. f4 Nd3 $19) (33. Qxa7 Nb5 $16) 33... Nxc6 34. Nxd5 Qb2 35. Rxe8+ Nxe8) 33. Nh5 (33. fxe4 gxf4 34. gxf4 (34. exd5 f3 $11) 34... Qxf4 $16) 33... Qg6 34. fxe4 Qxh5 35. exd5 Ng4 $2 (35... Bd7 36. d6 (36. Qxa7 Ra8 $16) 36... a6) 36. h3 {White is clearly winning.} ({Not} 36. Nxc6 Qxh2+ 37. Kf1 Qxg3 $11) 36... Ne3 37. g4 Qh4 {[#] aiming for ...Qg3.} 38. Rxe3 Rxe3 39. Qxd8+ {Precision: White = 67%, Black = 35%.} 1-0

[Event "UKR-ch Semifinal 2018"]
[Site "Omelnyk"]
[Date "2018.11.03"]
[Round "9"]
[White "Gasanov, Eldar"]
[Black "Voitovich, Vladislav"]
[Result "1-0"]
[WhiteElo "2502"]
[BlackElo "2347"]
[Annotator "TA"]
[PlyCount "105"]
[EventDate "2018.11.26"]
[EventType "tourn"]
[EventCountry "UKR"]
[SourceTitle "playchess.com"]
[Source "ChessBase"]
[SourceQuality "1"]

{[%evp 10,105,59,62,70,70,79,56,172,165,229,124,191,191,186,191,191,185,192,157,120,135,133,133,115,100,139,139,132,91,77,-57,-49,-53,-58,-23,-14,-23,0,0,0,0,0,-146,-140,-209,-200,-210,-204,-345,-343,-517,-495,-531,-512,-554,-535,-523,-375,-338,-254,-274,0,-4,189,177,163,0,0,0,0,0,0,0,0,0,0,0,36,36,121,121,83,42,418,393,12209,11320,6321,5273,9512,10222,5214,5106,29975,29975,29973,29974]} 1. Nf3 d5 2. d4 c6 3. c4 e6 4. Qc2 Bd6 5. Bg5 f6 6. Bh4 {LiveBook: 24 Games. D30: Queen's Gambit Declined: Systems without Nc3} g5 (6... Ne7 7. Bg3 Bb4+ 8. Nc3 Nf5 9. e3 Nxg3 10. hxg3 f5 11. cxd5 exd5 12. g4 Qf6 13. Bd3 fxg4 {0-1 (48) Tkachiev,V (2625)-Fier,A (2580) Dubai 2014}) 7. Bg3 g4 8. Nh4 $146 {White is better.} ({Predecessor:} 8. Bxd6 Qxd6 9. Nh4 f5 10. cxd5 Qd8 11. g3 cxd5 12. h3 gxh3 13. Rxh3 Ne7 {1-0 (28) Milanovic,D (2516)-Brujic,B (2195) Obrenovac 2011}) 8... Be7 (8... f5 $14) 9. h3 $1 $18 f5 (9... gxh3 $142 10. Nd2 (10. gxh3 f5 $14) (10. Rxh3 Bb4+ 11. Nd2 Ne7 $16) 10... dxc4) 10. Be5 (10. hxg4 $18 f4 11. Ng6 $1 {[%mdl 512]} (11. Bxf4 Bxh4 12. Nd2 Bg5 $14) 11... Bb4+ 12. Kd1 fxg3 13. Nxh8) 10... Bxh4 (10... g3 $16) 11. Bxh8 g3 12. f4 $1 Nd7 13. e3 Ne7 14. Bd3 Ng6 15. Be5 Ndxe5 16. dxe5 Be7 17. cxd5 {Strongly threatening d6.} cxd5 {[%cal Bc6d5,Bd5d4][%mdl 32]} 18. Nc3 Qb6 19. Ke2 Bd7 20. a4 ({White should try} 20. Qb3 $16) 20... d4 21. Nb5 Rc8 22. Qd2 a6 23. Nxd4 {a5 is the strong threat.} Bb4 24. Qd1 Nxf4+ 25. Kf3 Nh5 26. Rc1 (26. Ke2 $1 $11 {keeps the balance.}) 26... Rc5 $17 27. Rxc5 (27. Qb3 $17 Rxe5 28. Bb5 Bxb5 29. Rc8+ (29. axb5 $2 Bd2 $19) 29... Kd7 30. axb5) 27... Bxc5 $19 28. Bc2 Qxb2 29. Qd2 (29. Rf1 {was forced.}) 29... Bxd4 $1 30. exd4 (30. Rb1 $142 Qc3 31. Qxc3 Bxc3 32. e4) 30... Bc6+ 31. Ke3 Qa3+ (31... f4+ 32. Kd3 $15) 32. Qd3 f4+ 33. Kd2 Qxd3+ 34. Bxd3 Bxg2 {[%mdl 4096] Endgame KRB-KBN} 35. Rb1 Bxh3 $2 (35... Kf8 $19 {Threatening ...Bc6.} 36. Bxh7 Kg7) 36. Bxh7 $11 {Threatens to win with Bg6+.} Kd8 $2 (36... Ng7 $11) 37. Be4 $18 Ng7 {[#]} 38. Rxb7 $2 ({Resist} 38. Bxb7 $6 Nf5 $14) (38. Rh1 $1 $18 {[%cal Rh1h3]} g2 39. Rg1) 38... Nf5 $11 39. Rb6 Ke7 40. Rb7+ Kf8 41. Rb8+ Ke7 42. Rb7+ Kd8 43. Bxf5 Bxf5 {KR-KB} 44. Rg7 a5 (44... Ke8 $1 $14) 45. Ke2 $16 {Black must now prevent Kf3.} Be4 {[#]} 46. Rf7 $1 {[%cal Rf7f4]} g2 $2 {[%mdl 8192]} (46... Bf5 $1 $14) 47. Kf2 $18 f3 $2 (47... Bc6 48. Rf8+ (48. Rxf4 Bxa4 49. d5 Be8 $18) 48... Ke7 49. Rxf4 Ke8) 48. Ra7 Kc8 49. Rxa5 Kb7 50. Rc5 Kb6 51. a5+ Ka6 {[#]} 52. d5 $1 exd5 (52... Bxd5 53. Rxd5) 53. e6 {Precision: White = 69%, Black = 44%.} 1-0

[Event "UKR-ch Semifinal 2018"]
[Site "Omelnyk"]
[Date "2018.11.03"]
[Round "9"]
[White "Pavlov, Sergey"]
[Black "Frolov, Artur"]
[Result "1/2-1/2"]
[WhiteElo "2480"]
[BlackElo "2419"]
[Annotator "TA"]
[PlyCount "39"]
[EventDate "2018.11.26"]
[EventType "tourn"]
[EventCountry "UKR"]
[SourceTitle "playchess.com"]
[Source "ChessBase"]
[SourceQuality "1"]

{[%evp 20,39,50,43,58,25,15,15,43,37,21,13,18,5,20,30,32,11,34,43,37,22]} 1. Nf3 Nf6 2. c4 g6 3. Nc3 Bg7 4. g3 O-O 5. Bg2 d6 6. d4 Nbd7 7. O-O e5 8. e4 Re8 9. b3 exd4 10. Nxd4 Nc5 11. f3 {LiveBook: 45 Partien} Ne6 {E68: Königsindisch (Hauptvariante des g3-Systems mit e2-e4)} (11... c6 12. Be3 d5 13. Nxc6 bxc6 14. Bxc5 dxc4 15. Qxd8 Rxd8 16. Rfd1 Be6 17. bxc4 Nd7 18. Bd4 Ne5 19. Nd5 cxd5 20. cxd5 {½-½ (61) Carlsen,M (2832)-Grischuk,A (2750) chess.com INT 2017}) 12. Nde2 a6 $146 ({Vorgänger:} 12... a5 13. Be3 b6 14. Qc2 Bb7 15. Rad1 Qe7 16. Rfe1 Nc5 17. Bf2 Rad8 18. h3 c6 19. a3 {1-0 (47) Salem,A (2564)-Kalinina,L (2155) Al Ain 2013}) 13. Be3 Bd7 {Die Stellung ist ausgeglichen.} 14. Qd2 b5 15. Nd5 bxc4 16. bxc4 {[%cal Bb3c4,Bc4d5][%mdl 32]} Nxd5 17. cxd5 Nc5 18. Nd4 f5 19. exf5 gxf5 20. Rab1 1/2-1/2

[Event "UKR-ch Semifinal 2018"]
[Site "Omelnyk"]
[Date "2018.11.03"]
[Round "9"]
[White "Bortnyk, Mykola"]
[Black "Bernadskiy, Vitaliy"]
[Result "1/2-1/2"]
[WhiteElo "2462"]
[BlackElo "2544"]
[Annotator "TA"]
[PlyCount "115"]
[EventDate "2018.11.26"]
[EventType "tourn"]
[EventCountry "UKR"]
[SourceTitle "playchess.com"]
[Source "ChessBase"]
[SourceQuality "1"]

{[%evp 21,115,-25,20,0,30,37,54,30,44,41,67,72,78,78,85,85,91,87,85,67,74,72,70,62,68,20,29,22,22,25,19,23,54,45,41,0,19,0,0,0,0,0,0,0,0,-7,0,0,0,0,0,0,0,0,0,0,0,0,0,0,0,0,0,0,0,0,0,0,0,0,0,0,0,0,0,0,0,0,0,0,0,0,0,0,0,0,0,0,0,0,0,0,0,0,0,0]} 1. e4 e5 2. Nf3 Nc6 3. Bb5 {[%cal Bf1b5,Bb5a4,Ba4b3][%mdl 32]} a6 4. Ba4 Nf6 5. Qe2 b5 6. Bb3 Bc5 7. c3 O-O 8. O-O d6 9. d3 h6 10. Be3 {C77: Ruy Lopez: 3...a6 4 Ba4 Nf6, unusual lines} Bxe3 11. fxe3 (11. Qxe3 Ne7 12. d4 Ng6 13. Nbd2 Qe7 14. a4 Bb7 15. h3 Nxe4 16. Nxe4 exd4 17. Nxd4 Qxe4 18. Qxe4 Bxe4 {0-1 (55) Ghaem Maghami,E (2556)-Shirov,A (2656) Bandar e Anzali 2017}) 11... Be6 {LiveBook: 4 Games} 12. Nbd2 d5 13. exd5 Nxd5 14. Ne4 Qe7 15. d4 exd4 16. exd4 Nf4 $146 {[#]} ({Predecessor:} 16... Rfe8) 17. Qc2 $1 Rae8 {...Bxb3 is the strong threat.} 18. Rae1 Bxb3 19. axb3 Qd8 20. Qd2 Ng6 21. Nc5 a5 22. Qd3 b4 23. Qc4 Rxe1 24. Rxe1 Re8 25. Rxe8+ Qxe8 26. Kf2 bxc3 27. bxc3 Nce7 28. Ne4 Qa8 {The position is equal.} 29. Nfd2 Nd5 30. g3 Nge7 31. Nf3 Nf5 32. Ne5 Nfe3 33. Qc6 Ng4+ 34. Ke2 Qxc6 35. Nxc6 $11 {[%mdl 4096] Endgame Threatens to win with c4. KNN-KNN} f5 36. c4 fxe4 37. cxd5 Nxh2 38. Nxa5 {KN-KN} Kf7 39. Nc4 Ke7 40. b4 Ng4 41. b5 Nf6 42. d6+ cxd6 43. b6 Nd7 {[#] aiming for ...d5.} 44. b7 h5 45. Ke3 g5 46. Nb6 {Hoping for Nxd7.} Nb8 47. Kxe4 {Threatening d5.} h4 48. g4 Kd8 49. Nd5 Kd7 50. Ne3 Kc6 51. Kf5 h3 52. Nf1 Kxb7 53. Kxg5 Nc6 54. Kf6 {With the idea g5.} Nxd4 55. g5 Ne2 56. Kf5 Nd4+ 57. Kf6 {And now g6 would win.} Ne2 58. Kf5 {Precision: White = 70%, Black = 78%.} 1/2-1/2

[Event "UKR-ch Semifinal 2018"]
[Site "Omelnyk"]
[Date "2018.11.03"]
[Round "9"]
[White "Sergeev, Vladimir"]
[Black "Lisnyak, Vladislav"]
[Result "1/2-1/2"]
[WhiteElo "2416"]
[BlackElo "2263"]
[Annotator "TA"]
[PlyCount "86"]
[EventDate "2018.11.26"]
[EventType "tourn"]
[EventCountry "UKR"]
[SourceTitle "playchess.com"]
[Source "ChessBase"]
[SourceQuality "1"]

{[%evp 21,86,4,16,-18,-2,-12,0,-89,-76,-103,-7,-9,-13,-18,0,0,32,10,95,0,0,-7,-9,-14,-14,-17,0,-74,-50,-81,0,-55,74,7,8,0,8,-229,-216,-214,-216,-281,-193,-197,0,-182,-183,-181,-193,-276,-143,-143,-88,-93,-23,-21,-22,-12,20,-189,-187,-186,-187,-188,-161,-180,-137]} 1. g3 d5 2. Nf3 Nf6 3. Bg2 e6 4. O-O Be7 5. d3 O-O 6. c4 c5 7. b3 Nc6 8. e3 d4 9. exd4 cxd4 10. Re1 Nd7 11. Ba3 {A14: English Opening: 1...e6 with b3 by White} Re8 {LiveBook: 3 Games} 12. Nfd2 (12. Bxe7 Rxe7 13. a3 a5 14. Nbd2 Nc5 15. Ne4 Nxe4 16. Rxe4 e5 17. Re1 Bg4 18. h3 Bh5 {½-½ (36) Aronian,L (2799)-Nakamura,H (2792) Saint Louis 2017}) 12... e5 $146 ({Predecessor:} 12... Nb4 13. Bxb4 Bxb4 14. a3 Bf8 15. f4 e5 {0-1 (40) Chovan,M (2256)-Maslik,M (2349) Slovakia 2016}) 13. Ne4 {The position is equal.} Nb4 14. g4 (14. c5 $1 $11 a5 15. Bxb4 axb4 16. Qc2) 14... a5 15. Bc1 {[#]} Nc5 (15... a4 $1 $17 {[%mdl 512] With the idea ...Qa5.} 16. a3 (16. bxa4 Qa5) 16... axb3 17. Qxb3 Na6) 16. Nxc5 $11 Bxc5 17. a3 Nc6 18. Nd2 Qh4 19. h3 f5 (19... Kh8 $11) 20. gxf5 (20. Bd5+ $16 Kh8 21. Nf3) 20... Bxf5 21. Ne4 {Hoping for Bg5.} Be7 $1 22. Qf3 Rf8 23. Qg3 Qh5 24. Ra2 (24. Bg5 $11 {keeps the balance.}) 24... Ra6 25. Qh2 Bh4 ({Better is} 25... Qg6 $17 {And now ...Rb6 would win.} 26. Qg3 Rb6 27. Qxg6 Bxg6) 26. Rd2 (26. Ng3 $11 Bxg3 27. Qxg3) 26... Ne7 (26... Kh8 $15) 27. Ng3 (27. Qxe5 $16 Re6 28. Qxd4) 27... Qg6 $132 {[%mdl 2048] Black is fighting back} 28. Nxf5 Rxf5 29. Rde2 $2 (29. Rxe5 $11 {and White is okay.} Bg3 30. Qxg3 Qxg3 31. fxg3 Rxe5 32. Bb2) 29... Raf6 30. Rf1 Qh5 31. Ra2 Rf3 32. Re2 {[#]} R3f5 $2 ({Not} 32... Rxd3 33. Qxe5 Qxe5 34. Rxe5 $15) (32... Ng6 $1 $19 33. Rb2 Rxd3 34. Bd5+ Kh8) 33. f4 $2 (33. Ra2 $1 $11 {and White has nothing to worry.}) 33... Bg3 $19 ({Worse is} 33... Qxe2 34. Bd5+ Nxd5 35. Qxe2 $11) 34. Qxg3 Qxe2 35. Re1 (35. Qf3 $142 Qc2 36. Qd1 Qxd1 37. Rxd1) 35... Qh5 (35... Qc2 $19 36. Qg4 Qxd3) 36. Qg4 $17 Qf7 (36... Nc6 $142 {[%cal Re5f4]} 37. Qxh5 Rxh5) 37. Rxe5 Rxe5 ({Black should try} 37... h5 $17 38. Qe2 Rxe5 39. fxe5 Rb6) 38. fxe5 $11 Rg6 39. Qe4 $1 Qf5 40. Qxb7 $2 (40. Qxf5 $11 Nxf5 41. Kf2) 40... Qxe5 $19 {Black is clearly better.} 41. Qa8+ Kf7 {Threatens to win with ...Qe1+.} 42. Qf3+ Rf6 43. Qe4 Qg3 {Precision: White = 33%, Black = 24%.} 1/2-1/2

[Event "UKR-ch Semifinal 2018"]
[Site "Omelnyk"]
[Date "2018.11.03"]
[Round "9"]
[White "Bakhmatsky, Vladislav"]
[Black "Neverov, Valeriy"]
[Result "1-0"]
[WhiteElo "2409"]
[BlackElo "2503"]
[Annotator "TA"]
[PlyCount "129"]
[EventDate "2018.11.26"]
[EventType "tourn"]
[EventCountry "UKR"]
[SourceTitle "playchess.com"]
[Source "ChessBase"]
[SourceQuality "1"]

{[%evp 18,129,16,6,8,8,14,15,13,0,0,0,0,0,6,0,14,10,15,0,0,-6,0,0,0,-15,16,-7,-5,-11,-13,-38,-23,-167,-147,-165,-47,-66,-66,-53,-50,-79,-71,-84,-83,-79,-79,-80,-80,-85,-54,-67,-65,-62,-56,-78,-41,-56,-29,-35,-29,-28,-22,-35,-30,-53,-43,-44,-47,-68,-50,-49,-47,-61,-5,-6,-4,-4,-7,-12,-14,-14,0,0,0,0,8,3,12,12,581,581,581,573,573,507,573,573,573,573,551,551,579,593,696,696,678,678,667,606,522,522,29994,29995]} 1. e4 e5 2. Nf3 Nc6 3. Bb5 Bc5 4. c3 Nf6 5. d4 Bb6 6. O-O O-O 7. Re1 d6 8. h3 Bd7 9. Bg5 {C65: Spanische Partie (Berliner-Verteidigung)} (9. Ba4 Re8 10. Bc2 h6 11. Na3 a6 12. Nc4 Ba7 13. a4 exd4 14. cxd4 d5 15. exd5 Nb4 16. Rxe8+ Bxe8 17. Bb3 Nbxd5 {½-½ (17) Rogulj,B (2410)-Boric,M (2381) Mali Losinj 2017}) 9... h6 10. Bh4 {LiveBook: 4 Partien} g5 11. Bg3 {Die Stellung ist ausgeglichen.} Re8 $146 ({Vorgänger:} 11... Nxd4 12. cxd4 Bxb5 13. Nc3 Bc6 14. dxe5 dxe5 15. Nxe5 Qxd1 16. Raxd1 Rfd8 17. Nxc6 bxc6 {½-½ (54) Alvarenga de Carvalho,M (2111)-Guimaraes,W (2272) Rio de Janeiro 2013}) 12. dxe5 Nxe5 13. Na3 Ng6 14. Nd2 h5 15. Bxd7 Qxd7 16. Nac4 h4 17. Bh2 g4 18. Nxb6 axb6 19. hxg4 Qxg4 20. Qxg4 Nxg4 21. a3 Ra5 22. Nf3 f6 23. Rad1 Kf7 24. Rd2 Rh5 25. Kf1 (25. Nd4 $11) 25... h3 $19 26. gxh3 Rxh3 ({Günstiger ist} 26... Nxh2+ $19 27. Nxh2 Rxh3) 27. Bg3 $1 $15 Rh1+ 28. Ng1 f5 29. Kg2 {[#]} Rh5 $1 30. f3 {[#]} N4e5 $1 {Droht stark ...f4.} 31. exf5 Rxf5 32. Rd4 Rg8 33. Kf2 Nc6 34. Rg4 Rh8 35. Rd1 Nce5 36. Rgd4 Kg7 37. Kg2 Kf6 38. f4 Ng4 {Und ...Se3+ würde nun gewinnen.} 39. Re1 Rb5 40. Re2 Nh6 41. Rde4 Nf5 42. Nf3 Rd5 43. Bf2 c5 44. c4 Rd3 45. Be1 Ngh4+ (45... Nd4 $15 46. Nxd4 cxd4) 46. Bxh4+ $11 Nxh4+ 47. Nxh4 Rxh4 {[%mdl 4096] Endspiel KTT-KTT} 48. Rf2 Rg4+ 49. Kf1 Rb3 50. Re8 b5 51. cxb5 Rxb5 52. f5 {[%cal Bf4f5,Bf5f6,Bf6f7][%mdl 32] und nun wäre Te6+ stark für Weiss.} Kf7 53. Rd8 {Droht f6 und aus.} Rb6 $2 {[%mdl 8192]} (53... Rg3 $11 {und Schwarz muss sich keine Sorgen machen.}) 54. f6 $18 {Schwarz muss nun Td7+ beachten.} Rg8 55. Rd7+ Ke6 56. Re7+ Kd5 57. f7 Rf8 58. Ke1 Kc4 59. Kd1 d5 60. Kc2 Rh6 61. b3+ Kb5 62. Rxb7+ Kc6 63. Ra7 {Ta6+ ist eine echte Drohung.} Kb6 64. Re7 Rhh8 65. Rf6+ {Precision: Weiß = 70%, Schwarz = 50%.} 1-0

[Event "UKR-ch Semifinal 2018"]
[Site "Omelnyk"]
[Date "2018.11.03"]
[Round "9"]
[White "Baidetskyi, Valentin"]
[Black "Bogdanovich, Stanislav"]
[Result "0-1"]
[WhiteElo "2398"]
[BlackElo "2523"]
[Annotator "TA"]
[PlyCount "76"]
[EventDate "2018.11.26"]
[EventType "tourn"]
[EventCountry "UKR"]
[SourceTitle "playchess.com"]
[Source "ChessBase"]
[SourceQuality "1"]

{[%evp 20,76,11,10,40,18,21,12,12,12,18,18,12,0,4,0,0,0,0,0,0,0,0,0,0,0,0,0,0,-24,0,-14,0,-90,-88,-85,-27,-43,-28,-29,-24,-19,-29,-27,0,0,0,-20,0,0,0,-93,-102,-87,-94,-138,-70,-1188,-1146]} 1. d4 Nf6 2. Bf4 c5 3. e3 g6 4. Nf3 Bg7 5. c3 b6 6. Nbd2 Bb7 7. Bc4 {A48: 1 d4 Nf6 2 Nf3 g6: Torre, London and Colle Systems} (7. h3 O-O 8. Be2 Nc6 9. O-O a6 10. a4 cxd4 11. exd4 Nd5 12. Bg3 Bh6 13. Re1 d6 14. Bf1 Rb8 15. c4 Nf4 {0-1 (72) Apicella,M (2501)-Bauer,C (2644) Cannes 2018}) 7... O-O 8. O-O d6 9. h3 Nbd7 10. Re1 a6 11. a4 {LiveBook: 5 Games} Ra7 12. Qb3 $146 ({Predecessor:} 12. Qc2 Qa8 13. Bd3 Re8 14. e4 cxd4 15. cxd4 e5 16. dxe5 dxe5 17. Be3 Rc8 18. Qb1 {1-0 (29) Petkevich,J (2440)-Freisler,P (2310) Marianske Lazne 1989}) 12... Qa8 13. Ng5 {[%cal Rc4f7]} Bd5 14. Bxd5 Qxd5 15. Qc2 Qc6 16. Bh2 Rc7 17. Ngf3 cxd4 18. exd4 Nd5 19. Qd3 b5 20. axb5 axb5 21. Ra5 Rb8 22. Rea1 N7f6 23. Ra6 Qb7 24. Nb3 Bh6 25. Nfd2 Qc8 26. Ra7 (26. Ne4 $11) 26... Rxa7 $17 27. Rxa7 Kg7 (27... Ra8 $17 28. Rxa8 Qxa8) 28. Bg3 Qe6 29. Kh2 Bg5 30. Nf3 h6 31. Na5 Ne4 {[#]} 32. Be5+ $1 {[%mdl 512]} Nef6 $1 (32... dxe5 33. Qxe4) 33. Bxf6+ Qxf6 34. g3 Bc1 35. b3 (35. Kg2 $11) 35... Bd2 36. c4 bxc4 37. bxc4 {[#]} Rb2 ({Black should play} 37... Ne3 $1 $17 {[%mdl 512]} 38. Qe4 (38. fxe3 $2 Rb2 $19) 38... Rb2) 38. Qa3 $2 {[%mdl 8192]} (38. cxd5 $15 Bxa5 39. Qe3) 38... Bc3 {Precision: White = 35%, Black = 59%.} 0-1